000 00937nam a22003017a 4500
001 BR7900647
003 BR-BrBNA
005 20230928085919.0
007 ta
008 230509b bl.||||| |||| 00| 0 por d
040 _aBR-BrBNA
_bpor
_cBiblioteca Nacional de Agricultura
041 _a(Por)
072 _aF25
_b1410
_b3866
_b/G514
090 _ 1410 BR7900647
100 1 _aSantos, A.B. dos
110 1 _aUniversidade Federal de Vicosa, MG (Brasil)
_0Tese (Magister Scientiae)
245 1 _aResposta do feijoeiro (Phaseolus vulgaris L.)ao molibdenio e ao cobalto em solos de Vicosa e Paula Candido, Minas Gerais [Rendimento; Brasil]
260 3 _aVicosa, MG (Brasil):
_c1978.
300 _a65 p.
500 _a31 tables; 49 ref.; Summary (Por)
650 _aFeijao
650 _aMolibdenio
650 _aCobalto
650 _aAdubacao
650 _aMinas Gerais
909 _a202309
_bLucia
_c55
_dLucia Elande
942 _cBK
999 _c26986
_d26986